Online
Catalog

Comprender, aconsejar / (Record no. 18482)

MARC details
000 -CABECERA
campo de control de longitud fija 00892cam a2200229 a 4500
001 - NÚMERO DE CONTROL
campo de control 000018964
005 - FECHA Y HORA DE LA ÚLTIMA TRANSACCIÓN
campo de control 20250717131055.0
008 - DATOS DE LONGITUD FIJA--INFORMACIÓN GENERAL
campo de control de longitud fija 100521s1988 xxu r 000 0 spa d
040 ## - FUENTE DE LA CATALOGACIÓN
Centro catalogador/agencia de origen DO-SdBNP
Lengua de catalogación spa
Centro/agencia transcriptor BNPHU
082 ## - NÚMERO DE LA CLASIFICACIÓN DECIMAL DEWEY
Número de clasificación 268.6
Número de documento/Ítem T225c
100 1# - ENTRADA PRINCIPAL--NOMBRE DE PERSONA
Nombre de persona Taulman, James E.
9 (RLIN) 40801
240 #0 - TÍTULO UNIFORME
Título uniforme Encourangers: the sunday school worker´s counseling ministry
245 10 - MENCIÓN DE TÍTULO
Título Comprender, aconsejar /
Mención de responsabilidad, etc. James E. Taulman ; traducción Floreal Ureta, revisión y adaptación Nelly de González, prólogo Wayne E. Oates.
246 11 - FORMA VARIANTE DE TÍTULO
Título propio/Titulo breve Comprender, aconsejarEncourangers
Resto del título oportunidad para maestros y líderes
260 ## - PUBLICACIÓN, DISTRIBUCIÓN, ETC.
Lugar de publicación, distribución, etc. Texas :
Nombre del editor, distribuidor, etc. Casa Bautista,
Fecha de publicación, distribución, etc. 1988.
300 ## - DESCRIPCIÓN FÍSICA
Extensión 90 p. il. ;
Dimensiones 21 cm.
650 #0 - PUNTO DE ACCESO ADICIONAL DE MATERIA--TÉRMINO DE MATERIA
Término de materia o nombre geográfico como elemento de entrada Educación religiosa
9 (RLIN) 682
650 #0 - PUNTO DE ACCESO ADICIONAL DE MATERIA--TÉRMINO DE MATERIA
Término de materia o nombre geográfico como elemento de entrada Enseñanza programada
9 (RLIN) 40802
700 1# - PUNTO DE ACCESO ADICIONAL--NOMBRE DE PERSONA
Nombre de persona Ureta, Floreal
Término indicativo de función/relación tr.
9 (RLIN) 38378
700 1# - PUNTO DE ACCESO ADICIONAL--NOMBRE DE PERSONA
Nombre de persona González, Nelly de,
9 (RLIN) 40803
700 1# - PUNTO DE ACCESO ADICIONAL--NOMBRE DE PERSONA
Nombre de persona Oates, Wayne E.
Término indicativo de función/relación pról.
9 (RLIN) 40804
Holdings
Estado de retiro Estado de pérdida Restricciones de uso No para préstamo Código de colección Localización permanente Ubicación/localización actual Ubicación en estantería Fecha de adquisición Número de inventario Total de préstamos Signatura topográfica completa Código de barras Fecha visto por última vez Precio válido a partir de Tipo de ítem Koha Número de copia
        Monografías: Libros y Folletos General General Depósito 21.05.2010 LF1   268.6 T225c 18964-10 25.06.2020 25.06.2020 Préstamo en sala  
  Extraviado   Excluido de préstamo Monografías: Libros y Folletos General General Extraviado 06.06.2017 LF1   268.6 T225c 18964-20 25.06.2020 25.06.2020 No se presta e. 2

Powered by Koha